000 00633nam a2200229Ia 4500
003 OSt
005 20220928140514.0
006 a|||||r|||| 00| 0
007 ta
008 220927b |||||||| |||| 00| 0 eng d
024 _a9050
037 _cTextual
040 _aSDCL
_cSDCL
_beng
041 _2eng
_aeng
082 _aD6,8(B),45, M3
100 _aCoffron James W
_9495584
245 0 _aPractical interfacing techniques for microprocessor systems .
260 _c1983
700 _a Long William E
_9495585
942 _hD6,8(B),45, M3
_cTEXL
_2CC
999 _c811798
_d811798